Wird geladen...

Payanigal kavanikkavum /

Bibliographische Detailangaben
1. Verfasser: Balakumaran
Sprache:Undetermined
Veröffentlicht: Chennai : Visa publications , 2008.
Ausgabe:6th ed.
Schlagworte:
LEADER 00557nam a2200181Ia 4500
001 162493
008 170722s9999 xx 000 0 und d
100 |a Balakumaran 
245 |a Payanigal kavanikkavum / 
250 |a 6th ed. 
260 |a Chennai :  |b Visa publications ,  |c 2008. 
300 |a 432 p. 
653 |a Novel 
653 |a Tamil Literature 
923 |d 20090905  |n 361 
942 |c GEN 
999 |c 141970  |d 141970 
952 |0 0  |1 0  |4 0  |6 O_313N46P_N0  |7 0  |9 201096  |a LIB  |b LIB  |d 2013-03-25  |e New light Publishing  |o O31,3N46,P N0  |p 277356  |r 2017-08-12  |v 150.00  |w 2017-08-12  |y GEN